TV Character Relationships Quiz Stats

 Plays Quiz Updated Feb 24, 2019

Score 0/20 Timer 06:00
4 Plays Today
% Correct
Roommate
91.6%
Captain
84.6%
Neighbor
82.6%
Husband
77.1%
Employee
76.5%
Aunt
75.9%
Father
74.6%
Son
71.5%
Mother
70%
Uncle
69.8%
% Correct
Brother
67.4%
Daughter
63.3%
Student
62.6%
Wife
59.8%
Sister
57.6%
Father-in-law
53.5%
Grandmother
52.1%
Grandfather
46.5%
Mother-in-law
45.7%
Pet
34.7%

You're not logged in!

Compare scores with friends on all Sporcle quizzes.
OR
Log In

Sporcle TV

Today on Sporcle TV


Watch our educational content, quiz creation guides, and fun videos on Sporcle TV.

Show Comments

Extras

Top Quizzes Today


Score Distribution

Your Account Isn't Verified!

In order to create a playlist on Sporcle, you need to verify the email address you used during registration. Go to your Sporcle Settings to finish the process.

Report this User

Report this user for behavior that violates our Community Guidelines.

Details: